[Event "3rd Quick Quad"]
[Site "Fairfax, Va."]
[Date "1976.08.19"]
[Round "2"]
[White "Moody, David"]
[Black "Morris, Jon"]
[Result "0-1"]
[WhiteElo "1576"]
[BlackElo "1602"]
[PlyCount "22"]
[EventDate "1976.08.19"]

1. e4 c5 2. Nf3 e6 3. d4 cxd4 4. Nxd4 Nf6 5. e5 Qa5+ 6. b4 Qxe5+ 7. Be2 Nc6 8.
c3 Nxd4 9. cxd4 Bxb4+ 10. Bd2 Qxd4 11. Bxb4 Qxb4+ 0-1

[Event "U.S. Open"]
[Site "Fairfax, Va."]
[Date "1976.08.19"]
[Round "5"]
[White "Moody, David"]
[Black "Carey, Clarence"]
[Result "1-0"]
[WhiteElo "1576"]
[BlackElo "1277"]
[PlyCount "49"]
[EventDate "1976.08.15"]

1. e4 e5 2. Nf3 Nc6 3. Bc4 Bc5 4. c3 Nf6 5. d4 exd4 6. cxd4 Bb4+ 7. Nc3 h6 8.
O-O Bxc3 9. bxc3 O-O 10. e5 Ne8 11. Qd3 d6 12. Bxh6 gxh6 13. Qg6+ Ng7 14. Qxh6
Nf5 15. Qg6+ Kh8 16. Qh5+ Kg7 17. Ng5 Nh6 18. f4 f6 19. Rf3 Bg4 20. Ne6+ Bxe6
21. Bxe6 Ne7 22. Rg3+ Kh7 23. Rh3 Neg8 24. Bxg8+ Kxg8 25. Qg6+ 1-0

[Event "3rd Quick Quad"]
[Site "Fairfax, Va."]
[Date "1976.08.19"]
[Round "1"]
[White "Gertler, David"]
[Black "Moody, David"]
[Result "0-1"]
[WhiteElo "1598"]
[BlackElo "1576"]
[PlyCount "64"]
[EventDate "1976.08.19"]

1. e4 c5 2. Nf3 a6 3. d4 cxd4 4. Nxd4 Nf6 5. Bd3 e5 6. Nf3 d5 7. Bg5 dxe4 8.
Bxf6 Qxf6 9. Bxe4 Qb6 10. O-O Bg4 11. Qd5 Bxf3 12. Qxe5+ Be7 13. Bxf3 Nd7 14.
Qe3 Qxb2 15. Re1 O-O 16. Qxe7 Rae8 17. Qxe8 Rxe8 18. Rxe8+ Nf8 19. Nd2 Qxa1+
20. Nf1 Qxa2 21. g3 Qxc2 22. Ne3 Qa4 23. Rb8 b5 24. Nd5 g6 25. Nb6 Qd4 26. Bd5
Kg7 27. Rb7 Nd7 28. Rxd7 Qxb6 29. Rxf7+ Kh6 30. Rb7 Qd4 31. Bg8 g5 32. Bxh7
Qd1+ 0-1

[Event "U.S. Open"]
[Site "Fairfax, Va."]
[Date "1976.08.20"]
[Round "6"]
[White "Naylor, Rex"]
[Black "Moody, David"]
[Result "1-0"]
[WhiteElo "1833"]
[BlackElo "1576"]
[PlyCount "93"]
[EventDate "1976.08.15"]

1. e4 c5 2. Nf3 a6 3. g3 d6 4. Bg2 Nf6 5. d3 Nc6 6. O-O Bg4 7. h3 Bh5 8. Nbd2
e6 9. c3 Qc7 10. Qc2 Rc8 11. Nh2 Bg6 12. f4 Ne7 13. Ndf3 Nc6 14. Nh4 d5 15. e5
Nd7 16. Qe2 Be7 17. N2f3 b5 18. b3 Nb6 19. g4 O-O 20. f5 exf5 21. Nxf5 Rce8 22.
d4 c4 23. b4 Ra8 24. Bf4 Na4 25. Qd2 a5 26. a3 Qd7 27. Nxe7+ Nxe7 28. Rf2 axb4
29. axb4 Nb6 30. Rxa8 Rxa8 31. Nh4 Ra3 32. Nxg6 Nxg6 33. Bg3 Na4 34. Rf3 Rb3
35. Be1 Qe7 36. Qf2 Nb2 37. Bf1 Na4 38. Bg2 Nb2 39. Bf1 Na4 40. Bd2 Rb2 41. Qe1
Qh4 42. Qe3 Qd8 43. Be1 Nh4 44. Bxh4 Qxh4 45. e6 Kf8 46. Rxf7+ Ke8 47. Qf4 1-0

[Event "Weekend Swiss"]
[Site "Fairfax, Va."]
[Date "1976.08.21"]
[Round "3"]
[White "Moody, David"]
[Black "Donihee, John"]
[Result "0-1"]
[WhiteElo "1576"]
[BlackElo "1383"]
[PlyCount "38"]
[EventDate "1976.08.21"]

1. e4 e5 2. Nf3 Nc6 3. Bc4 Nf6 4. Ng5 Bc5 5. Nxf7 Bxf2+ 6. Kf1 Qe7 7. Nxh8 d5
8. exd5 Bg4 9. Be2 Bxe2+ 10. Qxe2 Nd4 11. Qxf2 O-O-O 12. Ng6 hxg6 13. d3 Ng4
14. Qg3 Rf8+ 15. Ke1 Nf2 16. Na3 Nxh1 17. Qg4+ Kb8 18. Be3 Qb4+ 19. Kd1 Rf1#
0-1

[Event "Weekend Swiss"]
[Site "Fairfax, Va."]
[Date "1976.08.21"]
[Round "1"]
[White "Moody, David"]
[Black "Costigan, Thomas"]
[Result "0-1"]
[WhiteElo "1576"]
[BlackElo "2151"]
[PlyCount "42"]
[EventDate "1976.08.21"]

1. e4 Nf6 2. e5 Nd5 3. c4 Nb6 4. d4 d6 5. exd6 cxd6 6. Be2 g6 7. Nf3 Bg7 8. Be3
O-O 9. O-O Nc6 10. Nc3 Bg4 11. b3 d5 12. cxd5 Nxd5 13. Nxd5 Qxd5 14. Rc1 Rad8
15. h3 Bf5 16. Rc5 Qd6 17. Qc1 Be4 18. Rd1 Bxf3 19. Bxf3 Bxd4 20. Bxc6 Qxc5 21.
Bh6 Qxc1 0-1

[Event "Weekend Swiss"]
[Site "Fairfax, Va."]
[Date "1976.08.21"]
[Round "2"]
[White "Harris, Woodrow"]
[Black "Moody, David"]
[Result "1-0"]
[WhiteElo "1386"]
[BlackElo "1576"]
[PlyCount "33"]
[EventDate "1976.08.21"]

1. e4 e5 2. Nf3 Nc6 3. Nc3 Nf6 4. d4 exd4 5. Nxd4 Bc5 6. Nxc6 bxc6 7. Bg5 Bxf2+
8. Kxf2 d5 9. e5 Ng4+ 10. Qxg4 Bxg4 11. Bxd8 Kxd8 12. Ba6 Rb8 13. Rab1 Re8 14.
Rhe1 Re6 15. Bd3 Kd7 16. h3 Bh5 17. Bf5 1-0

[Event "U.S. Open"]
[Site "Fairfax, Va."]
[Date "1976.08.22"]
[Round "7"]
[White "Moody, David"]
[Black "Jonsson, Jon"]
[Result "1-0"]
[WhiteElo "1576"]
[BlackElo "1334"]
[PlyCount "47"]
[EventDate "1976.08.15"]

1. e4 e6 2. d4 d5 3. Nc3 Bb4 4. e5 c5 5. a3 Bxc3+ 6. bxc3 Qc7 7. a4 cxd4 8.
Qxd4 Nc6 9. Bb5 Nge7 10. Ba3 Bd7 11. Qd2 Qxe5+ 12. Be2 Qe4 13. Nf3 Ng6 14. O-O
Qf4 15. Rfb1 Qxd2 16. Nxd2 O-O-O 17. Bd6 Nce7 18. a5 a6 19. Bxa6 Bc6 20. Bxe7
Nxe7 21. Bd3 Kc7 22. Nf3 h6 23. Ne5 f6 24. Nf7 1-0

[Event "U.S. Open"]
[Site "Fairfax, Va."]
[Date "1976.08.23"]
[Round "8"]
[White "Grieve, Peter"]
[Black "Moody, David"]
[Result "1/2-1/2"]
[WhiteElo "1808"]
[BlackElo "1576"]
[PlyCount "59"]
[EventDate "1976.08.15"]

1. d4 Nf6 2. Bg5 Ne4 3. Bh4 c6 4. f3 Nf6 5. e4 Qb6 6. b3 e6 7. c3 c5 8. d5 Be7
9. Bg3 exd5 10. exd5 d6 11. Bc4 O-O 12. Ne2 a5 13. a4 Qd8 14. O-O Na6 15. Na3
Nc7 16. Nf4 Bd7 17. Qd2 Rb8 18. Ra2 b5 19. axb5 Nxb5 20. Rfa1 Nxa3 21. Rxa3 Ra8
22. b4 cxb4 23. cxb4 Rc8 24. Bb3 Qb6+ 25. Bf2 Qxb4 26. Qxb4 axb4 27. Ra7 Rc3
28. Bd1 Rb8 29. Be1 Rcc8 30. Bb3 1/2-1/2

[Event "U.S. Open"]
[Site "Fairfax, Va."]
[Date "1976.08.24"]
[Round "9"]
[White "Moody, David"]
[Black "Kelly, Patrick"]
[Result "0-1"]
[WhiteElo "1576"]
[BlackElo "1776"]
[PlyCount "50"]
[EventDate "1976.08.15"]

1. e4 e5 2. Nf3 Nc6 3. Bc4 Bc5 4. c3 Nf6 5. d4 exd4 6. cxd4 Bb4+ 7. Nc3 d5 8.
exd5 Nxd5 9. O-O Bxc3 10. bxc3 O-O 11. Re1 Bg4 12. Ba3 Nb6 13. Bxf8 Nxc4 14.
Bc5 b6 15. Bb4 a5 16. Qa4 Bxf3 17. gxf3 Qg5+ 18. Kh1 Qd5 19. Rg1 b5 20. Qb3
axb4 21. cxb4 Ra3 22. Qd1 Rxf3 23. Rg2 Rxf2 24. Qg4 g6 25. Re1 Ne3 0-1

[Event "4th Quick Quad"]
[Site "Fairfax, Va."]
[Date "1976.08.24"]
[Round "1"]
[White "Moody, David"]
[Black "Choate, Douglas"]
[Result "1-0"]
[WhiteElo "1576"]
[BlackElo "1481"]
[PlyCount "43"]
[EventDate "1976.08.24"]

1. f4 d6 2. e4 e5 3. Nf3 Nd7 4. Bc4 Be7 5. O-O Nf8 6. fxe5 dxe5 7. Nxe5 Qd4+ 8.
Kh1 Qxe5 9. Bxf7+ Kd8 10. Nc3 Bf6 11. Qe2 Nh6 12. d4 Qa5 13. Bxh6 Bxd4 14. Rad1
Qe5 15. Bf4 Qc5 16. Nb5 Ne6 17. Bxe6 Bxe6 18. Nxd4 Ke7 19. Nxe6 Kxe6 20. Qg4+
Ke7 21. Rd7+ Ke8 22. Qe6+ 1-0

[Event "4th Quick Quad"]
[Site "Fairfax, Va."]
[Date "1976.08.24"]
[Round "2"]
[White "Dost, Richard"]
[Black "Moody, David"]
[Result "1-0"]
[WhiteElo "1745"]
[BlackElo "1576"]
[PlyCount "91"]
[EventDate "1976.08.24"]

1. e4 c5 2. d4 cxd4 3. c3 dxc3 4. Nxc3 d6 5. Nf3 Nf6 6. Bc4 e6 7. O-O Be7 8.
Qe2 a6 9. Rd1 Qc7 10. Bf4 Nbd7 11. Rac1 Qb8 12. a4 O-O 13. Rc2 Rd8 14. Rcd2 Nf8
15. Be3 b6 16. Nd4 Bb7 17. f3 Qc7 18. Rc2 N8d7 19. Bxe6 Nc5 20. Nd5 Nxd5 21.
Bxd5 Bxd5 22. exd5 Qb7 23. Nc6 Re8 24. Bxc5 bxc5 25. Re1 Bf8 26. Qxe8 Rxe8 27.
Rxe8 g6 28. Rce2 Qb3 29. a5 Kg7 30. Rd2 Kf6 31. Rxf8 Qe3+ 32. Rf2 Qc1+ 33. Rf1
Qxb2 34. Ra8 Qb5 35. Rd8 c4 36. Rxd6+ Kg7 37. Kh1 c3 38. Re1 c2 39. Nd4 Qb4 40.
Nxc2 Qxd6 41. Rd1 Qc5 42. Ne1 Qxa5 43. d6 Qd8 44. d7 a5 45. Nc2 a4 46. Nb4 1-0

[Event "5th Quick Quad"]
[Site "Fairfax, Va."]
[Date "1976.08.25"]
[Round "2"]
[White "Moody, David"]
[Black "Gross, Glen"]
[Result "1/2-1/2"]
[WhiteElo "1576"]
[BlackElo "1449"]
[PlyCount "36"]
[EventDate "1976.08.25"]

1. d4 d5 2. c4 dxc4 3. e3 c5 4. Bxc4 cxd4 5. Nf3 Nc6 6. exd4 e5 7. dxe5 Qxd1+
8. Kxd1 Bg4 9. Be2 O-O-O+ 10. Bd2 Bxf3 11. Bxf3 Nxe5 12. Be2 Nd3 13. Bxd3 Rxd3
14. Kc2 Rd7 15. Nc3 Bb4 16. f3 Nf6 17. Rhe1 Rhd8 18. Rad1 Bd6 1/2-1/2

[Event "5th Quick Quad"]
[Site "Fairfax, Va."]
[Date "1976.08.25"]
[Round "1"]
[White "Merrill, Stuart"]
[Black "Moody, David"]
[Result "0-1"]
[WhiteElo "1294"]
[BlackElo "1576"]
[PlyCount "36"]
[EventDate "1976.08.25"]

1. e4 e5 2. d4 exd4 3. c3 d5 4. exd5 Qxd5 5. cxd4 Nc6 6. Nf3 Bg4 7. Nc3 Qd7 8.
Be2 O-O-O 9. Be3 Nf6 10. Qd2 Bb4 11. O-O-O Nd5 12. h3 Bf5 13. Ne5 Nxc3 14. Bd3
Nxe5 15. Bxf5 Qxf5 16. bxc3 Ba3+ 17. Qb2 Bxb2+ 18. Kxb2 Nc4+ 0-1

[Event "U.S. Open"]
[Site "Fairfax, Va."]
[Date "1976.08.25"]
[Round "10"]
[White "Ciamarra, Michael"]
[Black "Moody, David"]
[Result "1-0"]
[WhiteElo "1367"]
[BlackElo "1576"]
[PlyCount "91"]
[EventDate "1976.08.15"]

1. d4 Nf6 2. c4 e6 3. Nc3 d5 4. e3 Nbd7 5. Nf3 c6 6. cxd5 exd5 7. Bd3 Be7 8.
O-O O-O 9. Bd2 Qc7 10. Qc2 a6 11. a3 c5 12. dxc5 Nxc5 13. Na4 b5 14. Nxc5 Qxc5
15. Rfc1 Qb6 16. Bc3 h6 17. Bd4 Qb7 18. Qc6 Qxc6 19. Rxc6 Be6 20. Ne5 Rfc8 21.
Rac1 Rxc6 22. Nxc6 Kf8 23. Nxe7 Kxe7 24. f3 Rc8 25. Rxc8 Bxc8 26. Kf2 Ne8 27.
Ke2 f6 28. Bc5+ Kf7 29. Kd2 Nc7 30. Kc3 Ne6 31. Bd4 Nxd4 32. Kxd4 Ke6 33. Kc5
g5 34. g4 Ke5 35. Bg6 Be6 36. Kb6 d4 37. exd4+ Kxd4 38. Kxa6 Kc4 39. Be8 b4 40.
Kb6 Kb3 41. axb4 Kxb4 42. Kc6 f5 43. Kd6 Bc8 44. Bd7 Bb7 45. gxf5 Bxf3 46. Be8
1-0

[Event "U.S. Open"]
[Site "Fairfax, Va."]
[Date "1976.08.26"]
[Round "11"]
[White "Moody, David"]
[Black "McCabe, Greg"]
[Result "1-0"]
[WhiteElo "1576"]
[BlackElo "1424"]
[PlyCount "57"]
[EventDate "1976.08.15"]

1. e4 e5 2. Nf3 Nf6 3. Nxe5 d6 4. Nf3 Nxe4 5. d4 d5 6. Bd3 Be7 7. O-O O-O 8. c4
Nf6 9. cxd5 Nxd5 10. Re1 h6 11. Nc3 Nf6 12. Bf4 c6 13. Qb3 Bd6 14. Bxd6 Qxd6
15. Rad1 Qc7 16. d5 Nxd5 17. Nxd5 cxd5 18. Qxd5 Be6 19. Qe4 g6 20. Qh4 h5 21.
Bxg6 fxg6 22. Rxe6 Qc2 23. Rde1 Nc6 24. Qg5 Kh7 25. Re7+ Nxe7 26. Rxe7+ Kg8 27.
Qd5+ Kh8 28. Qe5+ Kg8 29. Qg7# 1-0

[Event "U.S. Open"]
[Site "Fairfax, Va."]
[Date "1976.08.27"]
[Round "12"]
[White "Stearman, David"]
[Black "Moody, David"]
[Result "1-0"]
[WhiteElo "1418"]
[BlackElo "1576"]
[PlyCount "47"]
[EventDate "1976.08.15"]

1. e4 e5 2. Nf3 Nc6 3. d4 exd4 4. c3 d3 5. Bxd3 Bc5 6. O-O d6 7. Nbd2 Nf6 8.
Qc2 Bg4 9. b4 Bb6 10. b5 Ne5 11. Nxe5 dxe5 12. Ba3 Qd7 13. Nc4 Qe6 14. Nxb6
axb6 15. Bb4 Nd7 16. a4 Qg6 17. Kh1 Be6 18. Qe2 h5 19. Bc4 Bxc4 20. Qxc4 O-O-O
21. a5 bxa5 22. Bxa5 b6 23. Bb4 Kb7 24. Ra7+ 1-0

[Event "30-30 Swiss"]
[Site "Fairfax, Va."]
[Date "1976.08.27"]
[Round "3"]
[White "Russell, William"]
[Black "Moody, David"]
[Result "0-1"]
[WhiteElo "1304"]
[BlackElo "1576"]
[PlyCount "46"]
[EventDate "1976.08.27"]

1. d4 d5 2. Nf3 Nf6 3. e3 Bf5 4. Nbd2 e6 5. Ne5 c5 6. Bb5+ Nbd7 7. Nb3 cxd4 8.
Nxd4 Bg6 9. f3 Bd6 10. Nxg6 hxg6 11. g3 Bxg3+ 12. Ke2 Bd6 13. Qg1 Qb6 14. Qg5
Rh5 15. Qg2 e5 16. Ne6 Qxb5+ 17. Kd1 fxe6 18. Qxg6+ Kd8 19. Qxg7 Kc7 20. Qf7
Rg8 21. Qxe6 Rg2 22. Re1 Rhxh2 23. c3 Qd3+ 0-1

[Event "30-30 Swiss"]
[Site "Fairfax, Va."]
[Date "1976.08.27"]
[Round "2"]
[White "Moody, David"]
[Black "Sewell, Richard"]
[Result "0-1"]
[WhiteElo "1576"]
[BlackElo "1734"]
[PlyCount "30"]
[EventDate "1976.08.27"]

1. e4 c6 2. d4 d5 3. Nc3 dxe4 4. Nxe4 Bf5 5. Ng3 Bg6 6. h4 h6 7. Bd3 Bxd3 8.
Qxd3 Nd7 9. Bf4 Ngf6 10. Nf3 e6 11. O-O-O Nd5 12. Bd2 Bd6 13. Ne4 Be7 14. c4
N5f6 15. Ne5 Nxe5 0-1

[Event "30-30 Swiss"]
[Site "Fairfax, Va."]
[Date "1976.08.27"]
[Round "4"]
[White "Moody, David"]
[Black "Cake, George"]
[Result "0-1"]
[WhiteElo "1576"]
[BlackElo "1870"]
[PlyCount "55"]
[EventDate "1976.08.27"]

1. e4 e5 2. Nf3 Nc6 3. Bc4 Nf6 4. O-O Nxe4 5. Re1 d5 6. d4 Be7 7. dxe5 Be6 8.
Bb5 O-O 9. Bxc6 bxc6 10. Nbd2 Nxd2 11. Bxd2 Bg4 12. h3 Bh5 13. Qe2 Qd7 14. Rad1
Rfe8 15. c4 Rab8 16. Bc3 Qe6 17. Qd3 Bxf3 18. Qxf3 Red8 19. cxd5 cxd5 20. Rd3
c5 21. b3 d4 22. Bb2 a5 23. Qg3 a4 24. Rc1 Rb5 25. Rc4 axb3 26. axb3 Rxb3 27.
Rxb3 Qxc4 28. Rb7 0-1

[Event "MCA Benefit"]
[Site "Allen Park, Mich."]
[Date "1977.02.12"]
[Round "3"]
[White "Moody, David"]
[Black "Tanner, Mike"]
[Result "1-0"]
[WhiteElo "1566"]
[BlackElo "1391"]
[PlyCount "79"]
[EventDate "1977.02.12"]

1. c4 Nf6 2. d4 c5 3. d5 d6 4. Nc3 g6 5. Bg5 Bg7 6. e4 O-O 7. Be2 e5 8. h4 Na6
9. h5 Nc7 10. Qd3 a6 11. g4 b5 12. Qh3 Nce8 13. hxg6 fxg6 14. Bh6 Qe7 15. Bxg7
Qxg7 16. cxb5 axb5 17. Bxb5 Nxg4 18. Qh4 Nxf2 19. Bxe8 Nxh1 20. Bc6 Ba6 21.
Qxh1 Rf1+ 22. Kd2 Rf2+ 23. Nge2 Raf8 24. Bb5 Bxb5 25. Nxb5 R8f3 26. Qh4 g5 27.
Qg4 h5 28. Qxh5 g4 29. Qe8+ Kh7 30. Qh5+ Qh6+ 31. Qxh6+ Kxh6 32. Rg1 Kh5 33.
Ke1 Kh4 34. Nxd6 Kh3 35. Nf5 Rxf5 36. exf5 Rxf5 37. Kd2 e4 38. Ke3 Kh2 39. Rxg4
Rxd5 40. Rh4+ 1-0

[Event "MCA Benefit"]
[Site "Allen Park, Mich."]
[Date "1977.02.12"]
[Round "1"]
[White "Moody, David"]
[Black "Harris, Ulysses"]
[Result "0-1"]
[WhiteElo "1566"]
[BlackElo "1832"]
[PlyCount "74"]
[EventDate "1977.02.12"]

1. e4 Nc6 2. d4 d5 3. Bb5 dxe4 4. Nc3 Nf6 5. Bg5 Bf5 6. Bxf6 gxf6 7. Qe2 Qxd4
8. Rd1 Qb4 9. g4 Bg6 10. a3 Qxb2 11. Qd2 Bh6 12. Bxc6+ bxc6 13. Qd7+ Kf8 14.
Qxc6 Kg7 15. h4 e3 16. fxe3 Bxe3 17. h5 Bxc2 18. h6+ Bxh6 19. Rxh6 Kxh6 20. g5+
Kg7 21. gxf6+ exf6 22. Qg2+ Kh6 23. Qh2+ Kg5 24. Qg2+ Kh6 25. Qh2+ Kg7 26. Qg2+
Kf8 27. Qxa8+ Ke7 28. Qc6 Bxd1 29. Nd5+ Kf8 30. Kxd1 Qa1+ 31. Qc1 Qd4+ 32. Qd2
Qxg1+ 33. Kc2 Kg7 34. Nxf6 Qg6+ 35. Kb3 Rb8+ 36. Ka4 Qxf6 37. Qc3 Rb6 0-1

[Event "MCA Benefit"]
[Site "Allen Park, Mich."]
[Date "1977.02.12"]
[Round "2"]
[White "Laica, Alan"]
[Black "Moody, David"]
[Result "1/2-1/2"]
[WhiteElo "1284"]
[BlackElo "1566"]
[PlyCount "39"]
[EventDate "1977.02.12"]

1. e4 e5 2. Nf3 Nc6 3. Bc4 Bc5 4. b4 d5 5. Bxd5 Nxb4 6. Bb3 Bg4 7. Bb2 Nf6 8.
d3 O-O 9. Bxe5 Re8 10. Bxf6 Qxf6 11. Nbd2 Bd4 12. Rb1 Nd5 13. Bxd5 c6 14. Bb3
a5 15. a4 Re5 16. h3 Rh5 17. Nf1 Bc3+ 18. N1d2 Bd4 19. Nf1 Bc3+ 20. N1d2
1/2-1/2

[Event "6th UMD Championship"]
[Site "Dearborn, Mich."]
[Date "1977.04.08"]
[Round "2"]
[White "Williams, Jim"]
[Black "Moody, David"]
[Result "1/2-1/2"]
[WhiteElo "1199"]
[BlackElo "1557"]
[PlyCount "116"]
[EventDate "1977.04.08"]

1. e4 e5 2. Nf3 Nc6 3. Bc4 Nf6 4. Ng5 d5 5. exd5 Na5 6. Be2 Nxd5 7. d4 exd4 8.
Qxd4 Nc6 9. Bb5 Qe7+ 10. Qe4 Qxe4+ 11. Nxe4 Bd7 12. O-O Nd4 13. Bd3 Nb4 14. Na3
Nxd3 15. cxd3 Bxa3 16. bxa3 Ne2+ 17. Kh1 Nxc1 18. Raxc1 Bc6 19. Rfe1 O-O-O 20.
Ng5 Rd7 21. Re3 h6 22. Nf3 f6 23. Rce1 Rhd8 24. Nh4 Rxd3 25. h3 Rxe3 26. Rxe3
Re8 27. Rxe8+ Bxe8 28. Nf5 g5 29. Nxh6 Bd7 30. Ng8 f5 31. Nf6 c5 32. Nd5 Be6
33. Nc3 a6 34. a4 Kc7 35. Kg1 Kb6 36. Kf1 Ka5 37. Ke1 b5 38. axb5 axb5 39. a3
b4 40. axb4+ cxb4 41. Nb1 Ka4 42. Kd1 Kb3 43. Kc1 Ka2 44. Nd2 b3 45. Nxb3 Kxb3
46. Kd2 Kc4 47. Ke3 f4+ 48. Kf3 Bd5+ 49. Kg4 Bxg2 50. Kxg5 f3 51. h4 Kd5 52. h5
Ke6 53. Kg6 Bf1 54. Kg5 Ke5 55. h6 Bd3 56. Kg4 Be4 57. h7 Bxh7 58. Kxf3 Be4+
1/2-1/2

[Event "6th UMD Championship"]
[Site "Dearborn, Mich."]
[Date "1977.04.15"]
[Round "3"]
[White "Moody, David"]
[Black "Jackson, James"]
[Result "1/2-1/2"]
[WhiteElo "1557"]
[BlackElo "1428"]
[PlyCount "112"]
[EventDate "1977.04.08"]

1. Nc3 Nf6 2. d4 d5 3. Bg5 e6 4. e4 Be7 5. e5 Nfd7 6. h4 c5 7. Nb5 Bxg5 8. Nd6+
Kf8 9. hxg5 Qa5+ 10. c3 Nc6 11. Qf3 f5 12. gxf6 gxf6 13. Qh5 Ke7 14. Qf7+ Kd8
15. exf6 cxd4 16. b4 Qa3 17. Nb5 Qb2 18. Rd1 a6 19. Rxh7 axb5 20. Rxh8+ Kc7 21.
Rh3 Rxa2 22. Ne2 dxc3 23. Rxc3 Qxb4 24. Qxe6 Rxe2+ 25. Bxe2 Qxc3+ 26. Kf1 Qxf6
27. Qxd5 Nde5 28. Qxb5 Qh4 29. Kg1 Ng4 30. Bxg4 Qxg4 31. Qd5 Qg6 32. f3 Qg3 33.
Qf7+ Kb8 34. Qh5 Ne5 35. Rd8 Qe1+ 36. Kh2 Qc3 37. Qh8 Qc7 38. Rxc8+ Qxc8 39.
Qxe5+ Ka7 40. f4 Qg4 41. f5 Qh5+ 42. Kg1 Qd1+ 43. Kf2 Qd2+ 44. Qe2 Qf4+ 45. Qf3
Qd2+ 46. Qe2 Qf4+ 47. Qf3 Qd2+ 48. Kg3 Qg5+ 49. Qg4 Qe3+ 50. Kh4 Qh6+ 51. Qh5
Qf4+ 52. g4 b5 53. Qh7+ Ka6 54. Qg6+ Ka5 55. f6 Qh2+ 56. Kg5 Qd2+ 1/2-1/2

[Event "2nd Dearborn Open"]
[Site "Dearborn, Mich."]
[Date "1977.05.21"]
[Round "2"]
[White "Moody, David"]
[Black "Smith, Robert"]
[Result "0-1"]
[WhiteElo "1557"]
[BlackElo "1700"]
[PlyCount "46"]
[EventDate "1977.05.21"]

1. Nc3 c5 2. Nf3 Nc6 3. d4 cxd4 4. Nxd4 d6 5. e4 a6 6. Bc4 Nf6 7. Nxc6 bxc6 8.
e5 Nd7 9. exd6 exd6 10. Bf4 Be7 11. Bxd6 O-O 12. Bxe7 Qxe7+ 13. Qe2 Re8 14.
Qxe7 Rxe7+ 15. Kd2 Bb7 16. Rhe1 Ne5 17. Bb3 Rd8+ 18. Kc1 Nd3+ 19. cxd3 Rxe1+
20. Nd1 Rxd3 21. Kc2 Rd6 22. Rc1 c5 23. Ne3 Be4+ 0-1

[Event "Newell Banks Memorial"]
[Site "East Detroit, Mich."]
[Date "1977.05.28"]
[Round "3"]
[White "Moody, David"]
[Black "Sylvester, Joe"]
[Result "1/2-1/2"]
[WhiteElo "1557"]
[BlackElo "1317"]
[PlyCount "106"]
[EventDate "1977.05.28"]

1. e4 c6 2. d4 d5 3. Nc3 dxe4 4. Nxe4 Bf5 5. Ng3 Bg6 6. h4 h6 7. Bd3 Bxd3 8.
Qxd3 Nf6 9. Nf3 e6 10. Bf4 Qa5+ 11. Bd2 Qb6 12. O-O-O c5 13. Rhe1 cxd4 14. Nxd4
Bc5 15. Nxe6 fxe6 16. Qg6+ Kf8 17. Nh5 Nxh5 18. Rxe6 Nc6 19. Qxh5 Bd4 20. Qf5+
Kg8 21. c3 Qc7 22. Bf4 Qf7 23. Qe4 Bxf2 24. Rd5 Bxh4 25. Rf5 Bf6 26. g4 Rd8 27.
Kc2 Ne7 28. Rfxf6 gxf6 29. Rxe7 f5 30. Qe5 Qg6 31. Re6 Qg7 32. Re8+ Rxe8 33.
Qxe8+ Kh7 34. Qe6 Rg8 35. gxf5 Rf8 36. Qe4 Qf6 37. Qxb7+ Rf7 38. Qe4 Qxf5 39.
Kd3 Qxe4+ 40. Kxe4 h5 41. c4 h4 42. c5 Rf6 43. Bg5 Rf2 44. Bxh4 Rxb2 45. Kd3
Kg6 46. c6 Rb8 47. Ke4 Rb4+ 48. Kd5 Rxh4 49. c7 Rh8 50. Kc6 Kf5 51. Kb7 Ke5 52.
c8=Q Rxc8 53. Kxc8 Kd5 1/2-1/2

[Event "Newell Banks Memorial"]
[Site "East Detroit, Mich."]
[Date "1977.05.28"]
[Round "1"]
[White "Moody, David"]
[Black "Feldman, Steve"]
[Result "0-1"]
[WhiteElo "1557"]
[BlackElo "2103"]
[PlyCount "42"]
[EventDate "1977.05.28"]

1. e4 d5 2. exd5 Nf6 3. d4 Nxd5 4. c4 Nb6 5. Nc3 e5 6. dxe5 Qxd1+ 7. Nxd1 Nc6
8. f4 Be6 9. Ne3 Bc5 10. b3 O-O-O 11. Be2 Nb4 12. Kf1 Bxe3 13. Bxe3 Nc2 14.
Bxb6 Nxa1 15. Be3 Nc2 16. Bc1 Nb4 17. a3 Nd3 18. Be3 a5 19. Nf3 a4 20. Nd4 Nxf4
21. Nb5 Nxe2 0-1

[Event "Newell Banks Memorial"]
[Site "East Detroit, Mich."]
[Date "1977.05.28"]
[Round "2"]
[White "Laica, Alan"]
[Black "Moody, David"]
[Result "1/2-1/2"]
[WhiteElo "1321"]
[BlackElo "1557"]
[PlyCount "72"]
[EventDate "1977.05.28"]

1. e4 e5 2. Nf3 Nc6 3. Bb5 Nf6 4. Nc3 a6 5. Be2 Bc5 6. O-O d6 7. d3 Bg4 8. Be3
Nd4 9. Na4 Nxf3+ 10. Bxf3 Bxe3 11. fxe3 Qd7 12. Nc3 Be6 13. d4 O-O-O 14. Qd3
Bg4 15. Qc4 Bxf3 16. Rxf3 Qg4 17. Nd5 Nxd5 18. Qxd5 f6 19. a4 c6 20. Qc4 Qxe4
21. Qe6+ Kc7 22. Qf7+ Kb8 23. Qxg7 Rhg8 24. Qxf6 Rgf8 25. Qxf8 Rxf8 26. Rxf8+
Ka7 27. Rf2 Qxe3 28. dxe5 dxe5 29. b3 Qd4 30. Raf1 e4 31. Kh1 e3 32. Re2 Qc3
33. Rfe1 b5 34. axb5 axb5 35. h3 c5 36. Kh2 Qe5+ 1/2-1/2

[Event "Newell Banks Memorial"]
[Site "East Detroit, Mich."]
[Date "1977.05.29"]
[Round "5"]
[White "Moody, David"]
[Black "Novak, Gary"]
[Result "0-1"]
[WhiteElo "1557"]
[BlackElo "1785"]
[PlyCount "52"]
[EventDate "1977.05.28"]

1. Nc3 d5 2. d4 Nf6 3. Bg5 e6 4. e4 dxe4 5. Nxe4 Be7 6. Nxf6+ Bxf6 7. Bxf6 Qxf6
8. Bd3 Nc6 9. Nf3 Bd7 10. c3 O-O 11. Qc2 g6 12. O-O-O Rab8 13. h4 b5 14. h5 b4
15. hxg6 fxg6 16. c4 b3 17. axb3 Na5 18. Ne5 Qg5+ 19. Kb1 Nxb3 20. Rh3 Nxd4 21.
Nf3 Rxf3 22. Qc3 Ne2 23. Qe1 Rxh3 24. gxh3 Nd4 25. Bxg6 Qxg6+ 26. Ka2 Rxb2+ 0-1

[Event "Newell Banks Memorial"]
[Site "East Detroit, Mich."]
[Date "1977.05.29"]
[Round "4"]
[White "DeJongh, John"]
[Black "Moody, David"]
[Result "0-1"]
[WhiteElo "1307"]
[BlackElo "1557"]
[PlyCount "84"]
[EventDate "1977.05.28"]

1. e4 e5 2. Nf3 Nc6 3. Bb5 a6 4. Ba4 Nf6 5. d3 d6 6. c3 Be7 7. O-O O-O 8. Bg5
b5 9. Bb3 Na5 10. Bc2 c5 11. Nbd2 Bg4 12. h3 Bh5 13. g4 Bg6 14. Nh4 Qd7 15. Nf5
Bxf5 16. gxf5 d5 17. Nf3 Nc6 18. Bb3 dxe4 19. dxe4 Qxd1 20. Raxd1 Nxe4 21. Bxe7
Nxe7 22. Rfe1 Nf6 23. Rxe5 c4 24. Bc2 Nc6 25. Ree1 Rad8 26. Kh2 Rxd1 27. Rxd1
Rd8 28. Re1 Kf8 29. Re2 b4 30. Ba4 Ne7 31. Nd4 bxc3 32. bxc3 Nfd5 33. Rd2 Rd6
34. Rb2 f6 35. Ne6+ Kf7 36. Rd2 Nxf5 37. Nc5 Nxc3 38. Rxd6 Nxd6 39. Bc2 Nxa2
40. Nxa6 Nb5 41. Nc5 Na3 42. Bxh7 g6 0-1

[Event "Handicap Scoring Tournament"]
[Site "Columbus, Ohio"]
[Date "1977.07.11"]
[Round "2"]
[White "Jones, Charles"]
[Black "Moody, David"]
[Result "0-1"]
[WhiteElo "1532"]
[BlackElo "1537"]
[PlyCount "112"]
[EventDate "1977.08.11"]

1. e4 e5 2. Nf3 Nc6 3. Bb5 a6 4. Ba4 Nf6 5. O-O Be7 6. Re1 b5 7. Bb3 O-O 8. c3
d5 9. exd5 Nxd5 10. Nxe5 Nxe5 11. Rxe5 c6 12. d4 Bd6 13. Re1 Qh4 14. g3 Qh3 15.
Qf3 Bg4 16. Qg2 Qh5 17. Nd2 Rae8 18. Rxe8 Rxe8 19. f3 Re1+ 20. Kf2 Bh3 21. g4
Qh4+ 22. Qg3 Bxg3+ 23. hxg3 Qe7 24. Ne4 Rf1+ 25. Ke2 Nf6 26. Bc2 Nxe4 27. Bxe4
g6 28. Kd3 f5 29. Bxc6 Rd1+ 30. Kc2 Qe2+ 31. Kb3 Qe1 32. Bd5+ Kh8 33. Bf4 h5
34. Be5+ Kh7 35. Rxd1 Qxd1+ 36. Kb4 Bg2 37. Bb3 Qxf3 38. g5 Qc6 39. a3 Qb6 40.
Bf7 a5+ 41. Kb3 Qb7 42. Be6 Bd5+ 43. Bxd5 Qxd5+ 44. Kc2 Kg8 45. Kd3 a4 46. Bf4
Kf7 47. Kc2 Ke6 48. Kd3 Qb3 49. Be5 Qxb2 50. c4 Qxa3+ 51. Kc2 Qb3+ 52. Kc1
Qxc4+ 53. Kb1 a3 54. g4 Qc3 55. d5+ Kxe5 56. d6 Qb2# 0-1